Catalog

Record Details

Catalog Search



God's incomparable word  Cover Image Book Book

God's incomparable word / Harold Lindsell

Lindsell, Harold (Author).

Record details

  • ISBN: 0-88207-774-0
  • Physical Description: 117 p.
  • Edition: 1st ed.
  • Publisher: Wheaton, Illinois Victor Books 1977

Available copies

  • 1 of 1 copy available at Common Catalog SPOK.

Holds

  • 0 current holds with 1 total copy.
Show Only Available Copies
Location Call Number / Copy Notes Barcode Shelving Location Status Due Date
ETS Library 220.13 424470007438 Volný výběr Available -

LDR 00623nam a2 00241
00137259
003CZ-PrJAB
00520040216000000.0
008040216s1977 xxu e |||| |eng
009us
020 . ‡a0-88207-774-0
035 . ‡a(CONS)3240
035 . ‡aKPS36
041 . ‡aeng
08214. ‡a220.13
100 . ‡7780 ‡aLindsell, Harold
245 . ‡aGod's incomparable word / ‡cHarold Lindsell
250 . ‡a1st ed.
260 . ‡aWheaton, Illinois ‡bVictor Books ‡c1977
300 . ‡a117 p.
653 . ‡aGod's incomparable word
8524 . ‡bETS ‡bETS ‡cVolný výběr ‡j220.13 ‡gA ‡p424470007438
910 . ‡aABG450
999 . ‡a3240 ‡bAUTOGEN ‡c3240 ‡tbiblio
905 . ‡uadmin
901 . ‡a37259 ‡b ‡c37259 ‡tbiblio ‡sets

Additional Resources